000 00650nam a2200217 i 4500
001 178115
003 ES-MaACL
005 20230906220500.0
007 t|
008 110518s1964 sp r ||||1| spa d
080 _a27-447
100 1 _aJubany i Arnau, Narcís (
_d1913-1996)
_9140069
245 1 3 _aEl diaconado y el celibato eclesiástico /
_cNarciso Jubany.
260 _aBarcelona :
_bHerder,
_c1964.
300 _a187 p. ;
_c18 cm.
490 1 _aPequeña biblioteca Herder ;
_v40
650 0 4 _aCelibato.
_910868
830 0 _aPequeña biblioteca Herder ;
_v40
_9190720
852 _aES-MaACL
_jE-15144
_xOlim P-274
999 _c178115
_d178115